JR北海道の駅の乗降客数ランキングTop50 - Statistics

General Stats
  • This quiz has been taken 1,884 times
  • The average score is 32 of 50
Answer Stats
順位 乗降客数 駅名 路線 % Correct
1 129142 札幌 函館線
100%
38 3124 函館 函館線
98%
22 5644 旭川 複数路線
97%
11 9726 小樽 函館線
95%
8 13092 新千歳空港 千歳線
94%
6 13616 千歳 千歳線
92%
27 5052 苫小牧 室蘭線
90%
49 1128 釧路 根室線
88%
3 20610 新札幌 千歳線
86%
43 1844 帯広 根室線
86%
50 1048 室蘭 室蘭線
86%
9 12034 北広島 千歳線
85%
20 6540 岩見沢 函館線
84%
45 1802 南千歳 千歳線
81%
2 22284 手稲 函館線
80%
40 2750 東室蘭 室蘭線
78%
10 11460 恵庭 千歳線
76%
42 2236 滝川 複数路線
76%
7 13244 白石 複数路線
75%
23 5554 江別 函館線
74%
5 17008 桑園 複数路線
72%
47 1392 深川 複数路線
67%
15 8640 苗穂 函館線
66%
37 3206 小樽築港 函館線
64%
4 17954 琴似 函館線
63%
41 2500 南小樽 函館線
59%
35 3346 石狩当別 札沼線
58%
18 7060 発寒 函館線
57%
39 2846 銭函 函館線
56%
32 4446 平和 千歳線
54%
14 9156 大麻 函館線
53%
16 7440 発寒中央 函館線
53%
21 5930 新琴似 札沼線
53%
44 1834 美唄 函館線
53%
24 5256 あいの里教育大 札沼線
51%
25 5224 厚別 函館線
50%
31 4484 上野幌 千歳線
50%
12 9388 野幌 函館線
49%
19 6694 森林公園 函館線
49%
13 9248 星置 函館線
47%
17 7360 稲積公園 函館線
42%
28 4772 恵み野 千歳線
42%
34 3940 八軒 札沼線
40%
30 4510 高砂 函館線
37%
36 3270 島松 千歳線
37%
26 5084 新川 札沼線
34%
29 4680 篠路 札沼線
34%
33 3990 拓北 札沼線
31%
46 1710 幌向 函館線
30%
48 1214 幌別 室蘭線
29%
No matching quizzes found
Score Distribution
Percent of People with Each Score
Percentile by Number Answered
Your Score History
You have not taken this quiz